000 00303nam a2200133Ia 4500
008 230917s9999||||xx |||||||||||||| ||und||
040 _e24928
_aMAIN
041 _aEnglish
082 _a330.1, S72P
100 _aSundharam, K P M
245 0 _aPrinciples of economics
260 _c1976
942 _cBK
999 _c231797
_d231797